[Event "Winnipeg TNT February op"]
[Site "Winnipeg CAN"]
[Date "2009.02.10"]
[Round "2"]
[White "Khedkar, Jay S"]
[Black "Kernetsky, Myron"]
[Result "1/2-1/2"]
[WhiteElo "2003"]
[BlackElo "1960"]
[PlyCount "69"]
[GameId "2160767910264858"]
[EventDate "2009.02.03"]
[EventType "swiss"]
[EventRounds "4"]
[EventCountry "CAN"]
[SourceTitle "EXT 2011"]
[Source "ChessBase"]
[SourceDate "2011.11.26"]
[SourceVersion "1"]
[SourceVersionDate "2011.11.26"]
[SourceQuality "1"]

1. e4 e6 2. d4 d5 3. Nd2 Nf6 4. e5 Nfd7 5. Bd3 c5 6. c3 Nc6 7. Ne2 Rb8 8. O-O b5 9. Nf3 b4 10. Be3 Be7 11. Qd2 O-O 12. Nf4 bxc3 13. bxc3 Qa5 14. Rab1 Ba6 15. Rxb8 Rxb8 16. Rb1 Bxd3 17. Rxb8+ Ncxb8 18. Nxd3 Qb5 19. Nfe1 Nc6 20. Qb2 Qxb2 21. Nxb2 cxd4 22. cxd4 Nb6 23. Ned3 Kf8 24. Kf1 Ke8 25. Ke2 Na8 26. f4 Nc7 27. a4 Na6 28. g4 Bb4 29. Nxb4 Naxb4 30. Kd2 Kd7 31. Kc3 Kc7 32. Nd3 Nxd3 33. Kxd3 Kb6 34. Bd2 Na5 35. Bc3 1/2-1/2

[Event "Winnipeg TNT February op"]
[Site "Winnipeg CAN"]
[Date "2009.02.10"]
[Round "2"]
[White "Lauritson, Jim"]
[Black "Ott, Richard"]
[Result "1-0"]
[WhiteElo "1944"]
[BlackElo "1431"]
[PlyCount "35"]
[GameId "2160767910264859"]
[EventDate "2009.02.03"]
[EventType "swiss"]
[EventRounds "4"]
[EventCountry "CAN"]
[SourceTitle "EXT 2011"]
[Source "ChessBase"]
[SourceDate "2011.11.26"]
[SourceVersion "1"]
[SourceVersionDate "2011.11.26"]
[SourceQuality "1"]

1. d4 Nf6 2. c4 e6 3. Nc3 Bb4 4. Qc2 d5 5. cxd5 exd5 6. Bg5 O-O 7. e3 Nc6 8. Bd3 Re8 9. Bxh7+ Kh8 10. Nge2 Be7 11. Bf5 Nb4 12. Qb1 Bxf5 13. Qxf5 g6 14. Qh3+ Nh5 15. Bxe7 Nd3+ 16. Kd2 Nxf2 17. Bxd8 Nxh3 18. Bh4 1-0

[Event "Winnipeg TNT February op"]
[Site "Winnipeg CAN"]
[Date "2009.02.10"]
[Round "2"]
[White "Letain, Cory"]
[Black "Rutter, Blair"]
[Result "1/2-1/2"]
[WhiteElo "1519"]
[BlackElo "1865"]
[PlyCount "106"]
[GameId "2160767910264860"]
[EventDate "2009.02.03"]
[EventType "swiss"]
[EventRounds "4"]
[EventCountry "CAN"]
[SourceTitle "EXT 2011"]
[Source "ChessBase"]
[SourceDate "2011.11.26"]
[SourceVersion "1"]
[SourceVersionDate "2011.11.26"]
[SourceQuality "1"]

1. d4 e6 2. e4 d5 3. Nc3 Nf6 4. e5 Nfd7 5. f4 c5 6. Nf3 Nc6 7. Be2 cxd4 8. Nb5 a6 9. Nbxd4 Qb6 10. O-O Be7 11. Kh1 Nc5 12. c3 O-O 13. Qc2 Ne4 14. Be3 Qc7 15. Bd3 f5 16. exf6 Nxf6 17. Ng5 Nxd4 18. Bxd4 h6 19. Nh7 Nxh7 20. Bxh7+ Kh8 21. Bxg7+ Kxg7 22. Qg6+ Kh8 23. Qxh6 Bd6 24. Bf5+ Kg8 25. Bxe6+ Bxe6 26. Qxe6+ Kg7 27. f5 Rf6 28. Qxd5 Bxh2 29. Rf3 Bg3 30. Rxg3+ Qxg3 31. Qxb7+ Rf7 32. Qxa8 Rxf5 33. Qb7+ Kg6 34. Qxa6+ Kg5 35. Rf1 Qg4 36. Rxf5+ Qxf5 37. Qe2 Qb1+ 38. Kh2 Qh7+ 39. Kg1 Qb1+ 40. Kf2 Qf5+ 41. Qf3 Qc2+ 42. Qe2 Qf5+ 43. Ke1 Qb1+ 44. Kd2 Qxb2+ 45. Kd3 Qb1+ 46. Qc2 Qb5+ 47. c4 Qf5+ 48. Kc3 Qa5+ 49. Kb2 Qe5+ 50. Kc1 Qa1+ 51. Kd2 Qd4+ 52. Qd3 Qb2+ 53. Ke1 Qe5+ 1/2-1/2

[Event "Winnipeg TNT February op"]
[Site "Winnipeg CAN"]
[Date "2009.02.10"]
[Round "2"]
[White "Lipic, Stephen"]
[Black "Magnusson, Saul"]
[Result "0-1"]
[WhiteElo "1623"]
[BlackElo "1418"]
[PlyCount "126"]
[GameId "2160767910264861"]
[EventDate "2009.02.03"]
[EventType "swiss"]
[EventRounds "4"]
[EventCountry "CAN"]
[SourceTitle "EXT 2011"]
[Source "ChessBase"]
[SourceDate "2011.11.26"]
[SourceVersion "1"]
[SourceVersionDate "2011.11.26"]
[SourceQuality "1"]

1. f4 d5 2. Nf3 c5 3. e3 Nf6 4. d4 Bg4 5. c3 Qa5 6. Bd3 cxd4 7. exd4 Nc6 8. O-O e6 9. Qe1 Bxf3 10. Rxf3 Bd6 11. Nd2 Qc7 12. Nb3 Ne7 13. h3 Ng6 14. f5 Nf8 15. Bg5 O-O-O 16. c4 dxc4 17. Bxc4 Kb8 18. Rc1 Qb6 19. Kh1 h6 20. Bd2 Rc8 21. fxe6 fxe6 22. Ba5 Qc6 23. Bxe6 Qxc1 24. Nxc1 Nxe6 25. Qxe6 Rxc1+ 26. Be1 Bg3 27. Rxg3 Re8 28. Qd6+ Ka8 29. Re3 Rxe1+ 30. Rxe1 Rxe1+ 31. Kh2 Re8 32. Qc7 Rg8 33. Qf7 a6 34. d5 Ka7 35. d6 Rd8 36. Qc7 Rd7 37. a4 g5 38. b4 g4 39. hxg4 Nxg4+ 40. Kh3 Ne5 41. Kh4 Rxc7 42. dxc7 Ng6+ 43. Kh5 Ne7 44. Kxh6 b6 45. Kg7 Kb7 46. Kf6 Nd5+ 47. Ke5 Nxc7 48. g4 Kc6 49. g5 Kd7 50. g6 Ne6 51. Kf6 Kd6 52. Kf5 Kd5 53. Kf6 b5 54. axb5 axb5 55. Kf5 Kd6 56. Kf6 Nf4 57. Kf5 Nxg6 58. Kxg6 Ke5 59. Kg5 Kd4 60. Kf5 Kc4 61. Ke4 Kxb4 62. Kd3 Kb3 63. Kd2 Kb2 0-1

[Event "Winnipeg TNT February op"]
[Site "Winnipeg CAN"]
[Date "2009.02.10"]
[Round "2"]
[White "Mundwiler, Les"]
[Black "Czarny, Keith"]
[Result "1-0"]
[WhiteElo "1991"]
[BlackElo "1700"]
[PlyCount "77"]
[GameId "2160767910264862"]
[EventDate "2009.02.03"]
[EventType "swiss"]
[EventRounds "4"]
[EventCountry "CAN"]
[SourceTitle "EXT 2011"]
[Source "ChessBase"]
[SourceDate "2011.11.26"]
[SourceVersion "1"]
[SourceVersionDate "2011.11.26"]
[SourceQuality "1"]

1. d4 Nf6 2. c4 c5 3. Nf3 cxd4 4. Nxd4 Nc6 5. Nc3 a6 6. g3 e5 7. Nc2 Bc5 8. Bg2 O-O 9. O-O Re8 10. Bg5 h6 11. Bxf6 Qxf6 12. Nd5 Qd6 13. e3 Rb8 14. a3 Qg6 15. b4 Bf8 16. Qd2 d6 17. b5 Nd8 18. Rfb1 Bf5 19. Rb2 Ne6 20. f3 Bxc2 21. Qxc2 Qh5 22. b6 Ng5 23. Qf5 e4 24. fxe4 Re5 25. Qf4 Rxe4 26. Qf2 Rxc4 27. Nf4 Qg4 28. Rb4 Qc8 29. Rxc4 Qxc4 30. Qb2 Rc8 31. Bd5 Qc5 32. Qd4 Re8 33. h4 Qxd4 34. exd4 Ne4 35. Bxb7 Nxg3 36. Bxa6 g5 37. hxg5 hxg5 38. Nd5 Ne2+ 39. Bxe2 1-0

[Event "Winnipeg TNT February op"]
[Site "Winnipeg CAN"]
[Date "2009.02.10"]
[Round "2"]
[White "Wasserman, Arie"]
[Black "Oberton, Daniel"]
[Result "1/2-1/2"]
[WhiteElo "1640"]
[BlackElo "2002"]
[PlyCount "81"]
[GameId "2160767910264864"]
[EventDate "2009.02.03"]
[EventType "swiss"]
[EventRounds "4"]
[EventCountry "CAN"]
[SourceTitle "EXT 2011"]
[Source "ChessBase"]
[SourceDate "2011.11.26"]
[SourceVersion "1"]
[SourceVersionDate "2011.11.26"]
[SourceQuality "1"]

1. e4 c5 2. Nf3 d6 3. Bc4 Nf6 4. Ng5 e6 5. d3 Nc6 6. O-O g6 7. f4 Bg7 8. c3 O-O 9. Qe2 Na5 10. d4 Nxc4 11. Qxc4 h6 12. e5 d5 13. Qe2 Nd7 14. Nh3 b6 15. Be3 a5 16. Qd2 Ba6 17. Rf3 Kh7 18. a4 Qc7 19. Nf2 cxd4 20. cxd4 Qc4 21. Nc3 f6 22. Rh3 f5 23. Rc1 Rac8 24. Qd1 Qb4 25. Rb1 Rc7 26. Bc1 Rfc8 27. Be3 Bc4 28. Nd3 Bxd3 29. Qxd3 Bf8 30. Bd2 Qb3 31. Nb5 Qxd3 32. Rxd3 Rc4 33. b3 Rc2 34. Rc3 R8xc3 35. Bxc3 Kg7 36. Rb2 Rc1+ 37. Kf2 Nb8 38. Bd2 Rc6 39. Na7 Rc7 40. Nb5 Rc8 41. Na7 1/2-1/2

[Event "Winnipeg TNT February op"]
[Site "Winnipeg CAN"]
[Date "2009.02.10"]
[Round "2"]
[White "Wasserman, Leor"]
[Black "Atem, James"]
[Result "1-0"]
[WhiteElo "1510"]
[BlackElo "1835"]
[PlyCount "67"]
[GameId "2160767910264865"]
[EventDate "2009.02.03"]
[EventType "swiss"]
[EventRounds "4"]
[EventCountry "CAN"]
[SourceTitle "EXT 2011"]
[Source "ChessBase"]
[SourceDate "2011.11.26"]
[SourceVersion "1"]
[SourceVersionDate "2011.11.26"]
[SourceQuality "1"]

1. e4 Nc6 2. Nf3 e5 3. Bc4 Qf6 4. Nc3 Bd6 5. d3 Nge7 6. Be3 h6 7. d4 Bb4 8. dxe5 Nxe5 9. Nxe5 Qxe5 10. O-O Bxc3 11. bxc3 Qxc3 12. Bb3 O-O 13. Qg4 Qf6 14. Rad1 d5 15. Qe2 dxe4 16. Bd4 Qh4 17. h3 Ng6 18. Bc5 Re8 19. Rd4 b6 20. Ba3 c5 21. Rd6 Nf4 22. Qb5 Bxh3 23. g3 Qg4 24. Kh2 Bg2 25. Bxf7+ Kxf7 26. Rd7+ Kg6 27. Rxg7+ Kxg7 28. Bb2+ Kh7 29. f3 e3 30. fxg4 Re7 31. Rxf4 Rae8 32. Kxg2 e2 33. Qd3+ Re4 34. Rxe4 1-0

[Event "Winnipeg TNT February op"]
[Site "Winnipeg CAN"]
[Date "2009.02.10"]
[Round "2"]
[White "Wiebe, Daniel"]
[Black "Trinidad, Kris"]
[Result "1-0"]
[WhiteElo "1910"]
[BlackElo "1571"]
[PlyCount "55"]
[GameId "2160767910264866"]
[EventDate "2009.02.03"]
[EventType "swiss"]
[EventRounds "4"]
[EventCountry "CAN"]
[SourceTitle "EXT 2011"]
[Source "ChessBase"]
[SourceDate "2011.11.26"]
[SourceVersion "1"]
[SourceVersionDate "2011.11.26"]
[SourceQuality "1"]

1. e4 c5 2. Nf3 Nc6 3. d4 cxd4 4. Nxd4 d6 5. Be3 Nf6 6. Nc3 g6 7. f3 Bg7 8. Qd2 O-O 9. Bc4 Bd7 10. O-O-O Rc8 11. Bb3 Na5 12. Bh6 Nxb3+ 13. cxb3 Qb6 14. Kb1 a6 15. h4 Rc5 16. g4 Rfc8 17. Bxg7 Kxg7 18. h5 Qd8 19. hxg6 fxg6 20. Qh6+ Kg8 21. g5 Nh5 22. Rxh5 gxh5 23. g6 hxg6 24. Qxg6+ Kh8 25. Qh6+ Kg8 26. Rg1+ Bg4 27. fxg4 Kf7 28. Qe6+ 1-0

[Event "Winnipeg TNT February op"]
[Site "Winnipeg CAN"]
[Date "2009.02.17"]
[Round "3"]
[White "Campbell, Gary"]
[Black "Wiebe, Daniel"]
[Result "0-1"]
[WhiteElo "1620"]
[BlackElo "1910"]
[PlyCount "58"]
[GameId "2160767910264867"]
[EventDate "2009.02.03"]
[EventType "swiss"]
[EventRounds "4"]
[EventCountry "CAN"]
[SourceTitle "EXT 2011"]
[Source "ChessBase"]
[SourceDate "2011.11.26"]
[SourceVersion "1"]
[SourceVersionDate "2011.11.26"]
[SourceQuality "1"]

1. d4 Nf6 2. c4 g6 3. Nc3 Bg7 4. e4 d6 5. Be2 O-O 6. Nf3 e5 7. O-O Nc6 8. d5 Ne7 9. Ne1 Ne8 10. Be3 f5 11. f3 f4 12. Bf2 g5 13. b4 Rf6 14. c5 Rh6 15. cxd6 Nxd6 16. a4 Qe8 17. Nb5 Qh5 18. h4 Nxb5 19. axb5 Ng6 20. g4 fxg3 21. Bxg3 Nxh4 22. f4 Nf3+ 23. Bxf3 Qh3 24. Ra2 Qxg3+ 25. Rg2 Qxf4 26. Nd3 Qe3+ 27. Rff2 Bh3 28. Rh2 g4 29. Bxg4 Qg3+ 0-1

[Event "Winnipeg TNT February op"]
[Site "Winnipeg CAN"]
[Date "2009.02.17"]
[Round "3"]
[White "Czarny, Keith"]
[Black "Letain, Cory"]
[Result "0-1"]
[WhiteElo "1700"]
[BlackElo "1519"]
[PlyCount "64"]
[GameId "2160767910264868"]
[EventDate "2009.02.03"]
[EventType "swiss"]
[EventRounds "4"]
[EventCountry "CAN"]
[SourceTitle "EXT 2011"]
[Source "ChessBase"]
[SourceDate "2011.11.26"]
[SourceVersion "1"]
[SourceVersionDate "2011.11.26"]
[SourceQuality "1"]

1. d4 d5 2. c4 c6 3. Nc3 Nf6 4. Nf3 dxc4 5. e4 b5 6. a3 Bg4 7. Be2 e6 8. Bg5 Be7 9. O-O O-O 10. h3 Bh5 11. Qc2 h6 12. Bh4 Nbd7 13. e5 Bg6 14. Qd1 Nd5 15. Bxe7 Qxe7 16. Nh2 Nf4 17. Bf3 Rac8 18. Ne4 Bxe4 19. Bxe4 Nb6 20. Qg4 Qg5 21. Rad1 Qxg4 22. Nxg4 Ne2+ 23. Kh2 Rfd8 24. Rd2 Nxd4 25. Rfd1 c5 26. Ne3 Nd5 27. Kh1 Nxe3 28. fxe3 Nc6 29. Rd7 Rxd7 30. Rxd7 Nxe5 31. Rxa7 Nd3 32. Rb7 Nf2+ 0-1

[Event "Winnipeg TNT February op"]
[Site "Winnipeg CAN"]
[Date "2009.02.17"]
[Round "3"]
[White "Kernetsky, Myron"]
[Black "Wasserman, Arie"]
[Result "1-0"]
[WhiteElo "1960"]
[BlackElo "1640"]
[PlyCount "39"]
[GameId "2160767910264869"]
[EventDate "2009.02.03"]
[EventType "swiss"]
[EventRounds "4"]
[EventCountry "CAN"]
[SourceTitle "EXT 2011"]
[Source "ChessBase"]
[SourceDate "2011.11.26"]
[SourceVersion "1"]
[SourceVersionDate "2011.11.26"]
[SourceQuality "1"]

1. d4 Nf6 2. c4 e6 3. Nf3 c6 4. Nc3 d5 5. e3 Bb4 6. Bd2 c5 7. dxc5 Bxc5 8. Rc1 O-O 9. cxd5 Nxd5 10. Nxd5 Qxd5 11. Bc4 Qe4 12. O-O b6 13. Qe2 Bb7 14. Ne1 Qg6 15. Bd3 Be4 16. Bxe4 Qxe4 17. Rc4 Qd5 18. e4 Qe5 19. Nd3 Qc7 20. b4 1-0

[Event "Winnipeg TNT February op"]
[Site "Winnipeg CAN"]
[Date "2009.02.17"]
[Round "3"]
[White "Khedkar, Jay S"]
[Black "Mundwiler, Les"]
[Result "1/2-1/2"]
[WhiteElo "2003"]
[BlackElo "1991"]
[PlyCount "44"]
[GameId "2160767910264870"]
[EventDate "2009.02.03"]
[EventType "swiss"]
[EventRounds "4"]
[EventCountry "CAN"]
[SourceTitle "EXT 2011"]
[Source "ChessBase"]
[SourceDate "2011.11.26"]
[SourceVersion "1"]
[SourceVersionDate "2011.11.26"]
[SourceQuality "1"]

1. e4 e5 2. f4 exf4 3. Nf3 Ne7 4. d4 d5 5. Nc3 dxe4 6. Nxe4 Nd5 7. Bc4 Be7 8. O-O O-O 9. Ne5 Be6 10. Bxf4 Nxf4 11. Rxf4 Bxc4 12. Nxc4 f5 13. Ng3 g6 14. c3 Bg5 15. Rf3 Qd5 16. Ne5 Nc6 17. Nxc6 Qxc6 18. Ne2 Rae8 19. Nf4 Bxf4 20. Rxf4 Qb5 21. Qb3+ Qxb3 22. axb3 a6 1/2-1/2

[Event "Winnipeg TNT February op"]
[Site "Winnipeg CAN"]
[Date "2009.02.17"]
[Round "3"]
[White "Magnusson, Saul"]
[Black "Atem, James"]
[Result "1-0"]
[WhiteElo "1418"]
[BlackElo "1835"]
[PlyCount "59"]
[GameId "2160767910264871"]
[EventDate "2009.02.03"]
[EventType "swiss"]
[EventRounds "4"]
[EventCountry "CAN"]
[SourceTitle "EXT 2011"]
[Source "ChessBase"]
[SourceDate "2011.11.26"]
[SourceVersion "1"]
[SourceVersionDate "2011.11.26"]
[SourceQuality "1"]

1. e4 Nc6 2. Nf3 e5 3. Bc4 Be7 4. d4 f6 5. dxe5 Na5 6. exf6 Nxf6 7. Bd3 d6 8. Nc3 O-O 9. h3 Be6 10. Ng5 Qd7 11. O-O h6 12. Nxe6 Qxe6 13. Nd5 Nxd5 14. exd5 Qf6 15. Bd2 b5 16. Bc3 Qh4 17. Qd2 Nb7 18. Rae1 Bf6 19. Bxf6 Rxf6 20. Re7 Rxf2 21. Rxg7+ Kxg7 22. Rxf2 Qd4 23. Qe2 Qe5 24. Qf3 Qe7 25. Qf5 Qe1+ 26. Rf1 Qe3+ 27. Kh1 Qxd3 28. cxd3 Nc5 29. Qf7+ Kh8 30. Rf6 1-0

[Event "Winnipeg TNT February op"]
[Site "Winnipeg CAN"]
[Date "2009.02.17"]
[Round "3"]
[White "Oberton, Daniel"]
[Black "Wasserman, Leor"]
[Result "1-0"]
[WhiteElo "2002"]
[BlackElo "1510"]
[PlyCount "85"]
[GameId "2160767910264873"]
[EventDate "2009.02.03"]
[EventType "swiss"]
[EventRounds "4"]
[EventCountry "CAN"]
[SourceTitle "EXT 2011"]
[Source "ChessBase"]
[SourceDate "2011.11.26"]
[SourceVersion "1"]
[SourceVersionDate "2011.11.26"]
[SourceQuality "1"]

1. e4 c5 2. d4 cxd4 3. c3 dxc3 4. Nxc3 Nc6 5. Nf3 e5 6. Bc4 h6 7. O-O Nf6 8. Qe2 Bc5 9. Rd1 O-O 10. Be3 Bxe3 11. Qxe3 d6 12. Nb5 Ne8 13. Rac1 a6 14. Nc3 Bg4 15. h3 Bh5 16. g4 Bg6 17. Bd5 Rc8 18. Bxc6 Rxc6 19. Nxe5 Rc8 20. Nxg6 fxg6 21. e5 Qh4 22. exd6 Rd8 23. Ne4 h5 24. Qg3 Qxg3+ 25. fxg3 Nf6 26. Nc5 hxg4 27. Ne6 gxh3 28. Nxd8 Rxd8 29. d7 Kf7 30. Rc7 Ng4 31. Rf1+ Ke7 32. Rxb7 Ne3 33. Re1 h2+ 34. Kxh2 Rh8+ 35. Kg1 Kf6 36. Rxe3 Kg5 37. Re8 Rh3 38. d8=Q+ Kg4 39. Re4+ Kh5 40. Qh8+ Kg5 41. Qxh3 a5 42. Re5+ Kf6 43. Qe6# 1-0

[Event "Winnipeg TNT February op"]
[Site "Winnipeg CAN"]
[Date "2009.02.17"]
[Round "3"]
[White "Rutter, Blair"]
[Black "Ott, Richard"]
[Result "1-0"]
[WhiteElo "1865"]
[BlackElo "1431"]
[PlyCount "89"]
[GameId "2160767910264874"]
[EventDate "2009.02.03"]
[EventType "swiss"]
[EventRounds "4"]
[EventCountry "CAN"]
[SourceTitle "EXT 2011"]
[Source "ChessBase"]
[SourceDate "2011.11.26"]
[SourceVersion "1"]
[SourceVersionDate "2011.11.26"]
[SourceQuality "1"]

1. c4 e5 2. g3 Nf6 3. Bg2 c6 4. Nc3 Na6 5. e4 Rb8 6. d3 Nc7 7. Be3 a5 8. Bb6 Bb4 9. Nge2 d6 10. h3 Qe7 11. a3 Bxc3+ 12. Nxc3 Ne6 13. O-O Nd7 14. Be3 O-O 15. Qd2 Ndc5 16. Rad1 Nb3 17. Qc2 Ned4 18. Bxd4 Nxd4 19. Qc1 Qf6 20. f4 exf4 21. Rxf4 Qg5 22. Rxf7 Qxg3 23. Rxf8+ Kxf8 24. Rf1+ Kg8 25. Qf4 Qxf4 26. Rxf4 b5 27. cxb5 cxb5 28. Kh2 Be6 29. Rf2 b4 30. axb4 axb4 31. Nd1 Bb3 32. Ne3 Ba4 33. Nd5 h5 34. Kg3 b3 35. Kh4 Be8 36. Ne7+ Kh7 37. Rf8 Ne6 38. Rf2 g5+ 39. Kg3 Nf4 40. Bf1 Bd7 41. h4 Kh6 42. hxg5+ Kxg5 43. Rxf4 Bb5 44. Be2 Rb7 45. Rf5+ 1-0

[Event "Winnipeg TNT February op"]
[Site "Winnipeg CAN"]
[Date "2009.02.17"]
[Round "3"]
[White "Swift, Ryne"]
[Black "Lauritson, Jim"]
[Result "0-1"]
[WhiteElo "1641"]
[BlackElo "1944"]
[PlyCount "118"]
[GameId "2160767910264875"]
[EventDate "2009.02.03"]
[EventType "swiss"]
[EventRounds "4"]
[EventCountry "CAN"]
[SourceTitle "EXT 2011"]
[Source "ChessBase"]
[SourceDate "2011.11.26"]
[SourceVersion "1"]
[SourceVersionDate "2011.11.26"]
[SourceQuality "1"]

1. e4 c5 2. Nf3 e6 3. d4 cxd4 4. Nxd4 Nc6 5. Nc3 a6 6. Be3 Qc7 7. f3 Nf6 8. Qd2 Ne5 9. O-O-O Bb4 10. Nde2 Nc4 11. Qd3 Nxe3 12. Qxe3 d6 13. a3 Bc5 14. Qd2 Ke7 15. g4 b5 16. g5 Nd7 17. Nf4 Bb7 18. Bh3 Rac8 19. g6 hxg6 20. Bxe6 fxe6 21. Nxg6+ Kf7 22. Nxh8+ Rxh8 23. b4 Ba7 24. Qxd6 Qxd6 25. Rxd6 Ke7 26. Rhd1 Nb8 27. a4 Bc6 28. axb5 axb5 29. Kb2 Rxh2 30. R6d2 Rxd2 31. Rxd2 Nd7 32. Rg2 Bd4 33. Kb3 Nb6 34. Rg5 Kf6 35. f4 e5 36. Rf5+ Ke6 37. fxe5 Nc4 38. Rg5 Nd2+ 39. Kb2 Bxc3+ 40. Kc1 Bxe4 41. Rxg7 Bxe5 42. Rg5 Nc4 43. Rg4 Kd5 44. Rh4 Nd6 45. Kd2 Nc4+ 46. Kc1 Bb2+ 47. Kb1 Bc3 48. Rh5+ Kd4 49. Kc1 Na3 50. Rh2 Bxb4 51. Rh4 Nxc2 52. Rh8 Ne3 53. Rd8+ Nd5 54. Rb8 Ba3+ 55. Kd2 b4 56. Rb5 Kc4 57. Rb8 b3 58. Rc8+ Bc5 59. Kc1 Nb4 0-1

[Event "Winnipeg TNT February op"]
[Site "Winnipeg CAN"]
[Date "2009.02.17"]
[Round "3"]
[White "Trinidad, Kris"]
[Black "Evans, Brian"]
[Result "0-1"]
[WhiteElo "1571"]
[BlackElo "1558"]
[PlyCount "44"]
[GameId "2160767910264876"]
[EventDate "2009.02.03"]
[EventType "swiss"]
[EventRounds "4"]
[EventCountry "CAN"]
[SourceTitle "EXT 2011"]
[Source "ChessBase"]
[SourceDate "2011.11.26"]
[SourceVersion "1"]
[SourceVersionDate "2011.11.26"]
[SourceQuality "1"]

1. e4 c5 2. Nf3 d6 3. d4 cxd4 4. Nxd4 Nf6 5. Nc3 a6 6. Be2 e6 7. O-O Be7 8. Be3 Bd7 9. f4 Qc7 10. Qd2 O-O 11. Rfd1 b5 12. Bf3 Bc6 13. Nxc6 Nxc6 14. e5 dxe5 15. fxe5 Rad8 16. Qf2 Rxd1+ 17. Rxd1 Nxe5 18. a3 Neg4 19. Qe2 Qxh2+ 20. Kf1 Qh1+ 21. Bg1 Bc5 22. Ke1 Qxg1+ 0-1

[Event "Winnipeg TNT February op"]
[Site "Winnipeg CAN"]
[Date "2009.02.24"]
[Round "4"]
[White "Gibbons, Lorne"]
[Black "Trinidad, Kris"]
[Result "0-1"]
[WhiteElo "1217"]
[BlackElo "1571"]
[PlyCount "49"]
[GameId "2160767910264878"]
[EventDate "2009.02.03"]
[EventType "swiss"]
[EventRounds "4"]
[EventCountry "CAN"]
[SourceTitle "EXT 2011"]
[Source "ChessBase"]
[SourceDate "2011.11.26"]
[SourceVersion "1"]
[SourceVersionDate "2011.11.26"]
[SourceQuality "1"]

1. d4 g6 2. c4 Bg7 3. Nc3 Nf6 4. Bf4 d6 5. Nf3 O-O 6. Qd2 Nbd7 7. O-O-O Nb6 8. b3 a5 9. a4 Bf5 10. h3 Ne4 11. Nxe4 Bxe4 12. Ng5 Bc6 13. d5 Nxc4 14. bxc4 Bxa4 15. Re1 c5 16. e4 b5 17. cxb5 Rb8 18. e5 Qb6 19. Qb2 dxe5 20. Bxe5 f6 21. Ne6 fxe5 22. Nxf8 Bh6+ 23. Kb1 Rxf8 24. Rxe5 Bg7 25. f4 0-1

[Event "Winnipeg TNT February op"]
[Site "Winnipeg CAN"]
[Date "2009.02.24"]
[Round "4"]
[White "Kernetsky, Myron"]
[Black "Oberton, Daniel"]
[Result "0-1"]
[WhiteElo "1960"]
[BlackElo "2002"]
[PlyCount "80"]
[GameId "2160767910264879"]
[EventDate "2009.02.03"]
[EventType "swiss"]
[EventRounds "4"]
[EventCountry "CAN"]
[SourceTitle "EXT 2011"]
[Source "ChessBase"]
[SourceDate "2011.11.26"]
[SourceVersion "1"]
[SourceVersionDate "2011.11.26"]
[SourceQuality "1"]

1. d4 Nf6 2. c4 g6 3. Nc3 Bg7 4. e4 d6 5. Nf3 O-O 6. h3 Nbd7 7. Bg5 h6 8. Be3 c6 9. Be2 Qc7 10. O-O e5 11. d5 Ne8 12. Qd2 Kh7 13. Bd3 f5 14. exf5 gxf5 15. Bc2 e4 16. Nd4 Ne5 17. b3 Qe7 18. f3 c5 19. Ne6 Bxe6 20. dxe6 exf3 21. gxf3 Qxe6 22. Rae1 Qg6+ 23. Kh2 Qh5 24. Qf2 Nxc4 25. bxc4 Bxc3 26. Rd1 Nf6 27. Bf4 Bd4 28. Rxd4 cxd4 29. Qxd4 Rae8 30. Bd3 Rd8 31. Qxa7 Rd7 32. Qa5 d5 33. Qb4 Ra8 34. Qb1 Re7 35. Bxf5+ Kh8 36. Bd3 dxc4 37. Bxc4 Qc5 38. Qg6 Qxc4 39. Qxf6+ Rg7 40. Rg1 Qe2+ 0-1

[Event "Winnipeg TNT February op"]
[Site "Winnipeg CAN"]
[Date "2009.02.24"]
[Round "4"]
[White "Lauritson, Jim"]
[Black "Wasserman, Arie"]
[Result "0-1"]
[WhiteElo "1944"]
[BlackElo "1640"]
[PlyCount "60"]
[GameId "2160767910264880"]
[EventDate "2009.02.03"]
[EventType "swiss"]
[EventRounds "4"]
[EventCountry "CAN"]
[SourceTitle "EXT 2011"]
[Source "ChessBase"]
[SourceDate "2011.11.26"]
[SourceVersion "1"]
[SourceVersionDate "2011.11.26"]
[SourceQuality "1"]

1. d4 d5 2. c4 Nf6 3. cxd5 Nxd5 4. Nf3 Bg4 5. e4 Bxf3 6. Qxf3 Nb6 7. Be3 Nc6 8. Bb5 e6 9. Nc3 Bb4 10. O-O O-O 11. Rad1 Bxc3 12. bxc3 a6 13. Bd3 Ne7 14. c4 c6 15. e5 h6 16. Qg4 Ng6 17. Bxg6 fxg6 18. Qxe6+ Kh7 19. f4 Re8 20. Qg4 Nxc4 21. Bc1 Qd5 22. Rf3 Qe4 23. Rg3 Rad8 24. Kh1 Rxd4 25. h3 Red8 26. Rxd4 Rxd4 27. Kh2 h5 28. Qg5 Rd1 29. Ba3 Qb1 30. Rb3 Rh1+ 0-1

[Event "Winnipeg TNT February op"]
[Site "Winnipeg CAN"]
[Date "2009.02.24"]
[Round "4"]
[White "Lipic, Stephen"]
[Black "Evans, Brian"]
[Result "1-0"]
[WhiteElo "1623"]
[BlackElo "1558"]
[PlyCount "53"]
[GameId "2160767910264881"]
[EventDate "2009.02.03"]
[EventType "swiss"]
[EventRounds "4"]
[EventCountry "CAN"]
[SourceTitle "EXT 2011"]
[Source "ChessBase"]
[SourceDate "2011.11.26"]
[SourceVersion "1"]
[SourceVersionDate "2011.11.26"]
[SourceQuality "1"]

1. f4 d5 2. Nf3 Nc6 3. d4 Nf6 4. e3 a6 5. Bd3 Bg4 6. c3 e6 7. O-O Ne4 8. Qe1 Be7 9. Ne5 Nxe5 10. fxe5 Bh4 11. g3 Qg5 12. Bxe4 dxe4 13. gxh4 Qg6 14. Qg3 Bf3 15. b3 O-O-O 16. Nd2 Bh5 17. Rf4 f5 18. exf6 gxf6 19. Qxg6 Bxg6 20. Nxe4 f5 21. Ng3 Rhg8 22. Ba3 e5 23. dxe5 Rd3 24. Rd4 Rxe3 25. Rad1 Rxe5 26. Kf2 Bf7 27. Rd7 1-0

[Event "Winnipeg TNT February op"]
[Site "Winnipeg CAN"]
[Date "2009.02.24"]
[Round "4"]
[White "Magnusson, Saul"]
[Black "Khedkar, Jay S"]
[Result "0-1"]
[WhiteElo "1418"]
[BlackElo "2003"]
[PlyCount "58"]
[GameId "2160767910264882"]
[EventDate "2009.02.03"]
[EventType "swiss"]
[EventRounds "4"]
[EventCountry "CAN"]
[SourceTitle "EXT 2011"]
[Source "ChessBase"]
[SourceDate "2011.11.26"]
[SourceVersion "1"]
[SourceVersionDate "2011.11.26"]
[SourceQuality "1"]

1. e4 c5 2. Nf3 e6 3. d4 cxd4 4. Nxd4 Nf6 5. Nc3 Bb4 6. Bd2 Nc6 7. Nxc6 bxc6 8. e5 Bxc3 9. Bxc3 Ne4 10. Qg4 Nxc3 11. Qxg7 Rf8 12. bxc3 Qa5 13. Qg3 Rb8 14. Bc4 Qc5 15. Qf4 Rb2 16. O-O Rxc2 17. Rab1 Rxc3 18. Rb8 Kd8 19. Ba6 Kc7 20. Rfb1 Bxa6 21. Rxf8 Qxf8 22. h4 Qc5 23. Qd2 Rc2 24. Qf4 Re2 25. Qxf7 Qxe5 26. Rd1 Re1+ 27. Rxe1 Qxe1+ 28. Kh2 Qe5+ 29. f4 Qf5 0-1